00646pam a2200193 a 4500001000800000005001700008008004100025020003000066020003700096040001800133082001700151245008000168260009900248300001800347650002100365650002600386650002000412700002000432436329420231123010720.0900910s1991 nyu br 000 0 eng  a1558610316 (alk. paper) : a1558610324 (pbk. : alk. paper) : aDLCcDLCdDLC00a305.4/0722000aWomen's studies international :bNairobi and beyond /cedited by Aruna Rao. aNew York :bFeminist Press at the City University of New York :bDistributed by Talman,c1991. axii, 349 p. ; 0aWomen's studies. 0aWomen in development. 0aWomen's studies1 aRao, Arunaeedt